000 00940cam a2200241 i 4500
003 SA-RiAUC
005 20250615055244.0
008 250605s2001____su o g 00010 ara c
040 _aSA-JeALM
_bara
_cSA-RiAUC
_erda
082 0 4 _a001.44
090 _a001.44
_bج ا ئ
110 2 _aجائزة الملك فيصل العالمية
_eمؤلف.
245 1 2 _aالفائزون بجائزة الملك فيصل العالمية عام 1412 هـ / 1992 م.
264 1 _aالرياض :
_bهيئة جائزة الملك فيصل العالمية،
_c1992
300 _aمجلد :
_bصور
336 _aنص
_btxt
_2rdacontent
_3كتاب
337 _aبدون وسيط
_bn
_2rdamedia
338 _aمجلد
_bnc
_2rdacarrier
610 2 7 _aجائزة الملك فيصل العالمية
_2aucnm
650 7 _aالجوائز والمكافآت
_zالسعودية
_2aucsh
942 _2ddc
_cBOOK
_n0
949 _aSA-JeALM
_d250605
_umohamedma123
_n1
999 _c8948
_d8948